England Rugby Union Team - Rugby World Cup 2019. - Statistics

General Stats
  • This quiz has been taken 521 times
  • The average score is 22 of 32
Answer Stats
Position Player Club % Correct
Fly-half Owen Farrell Saracens
96%
Hooker Jamie George Saracens
94%
Lock Maro Itoje Saracens
90%
Fly-half George Ford Leicester Tigers
89%
Scrum-half Ben Youngs Leicester Tigers
88%
Number 8 Billy Vunipola Saracens
88%
Prop Mako Vunipola Saracens
88%
Flanker Tom Curry Sale Sharks
86%
Prop Joe Marler Harlequins
85%
Prop Dan Cole Leicester Tigers
83%
Wing Anthony Watson Bath
82%
Wing Jonny May Leicester Tigers
81%
Lock Courtney Lawes Northampton Saints
79%
Flanker Sam Underhill Bath
78%
Fullback Elliot Daly London Wasps
77%
Hooker Luke Cowan-Dickie Exeter Chiefs
77%
Centre Henry Slade Exeter Chiefs
76%
Prop Kyle Sinckler Harlequins
73%
Centre Manu Tuilagi Leicester Tigers
72%
Prop Ellis Genge Leicester Tigers
71%
Lock Joe Launchbury London Wasps
62%
Wing Jack Nowell Exeter Chiefs
58%
Centre Jonathan Joseph Bath
58%
Lock George Kruis Saracens
57%
Scrum-half Willi Heinz Gloucester
51%
Flanker Mark Wilson Newcastle Falcons
46%
Scrum-half Ben Spencer Saracens
45%
Flanker Lewis Ludlam Northampton Saints
39%
Wing Joe Cokanasiga Bath
37%
Centre Piers Francis Northampton Saints
23%
Hooker Jack Singleton Saracens
21%
Wing Ruaridh McConnochie Bath
19%
No matching quizzes found
Score Distribution
Percent of People with Each Score
Percentile by Number Answered
Your Score History
You have not taken this quiz